000 00724nab a2200241 a 4500
001 58087
003 129468
005 20201118103358.0
008 ||||||n9999 ||| || ||
041 _aspa
110 _aConvenio Andrés Bello
245 0 _aEducación superior e integración :
_bExperiencias y perspectivas de Trabajo en el marcodel Convenio Andrés Bello
260 _aBogotá :
_bConvenio Andrés Bello,
_c1998.
300 _app.54-61
562 _e0
650 _aANÁLISIS DE CASOS
650 _aCALIDAD DE LA EDUCACIÓN
650 _aCOOPERACIÓN INTERNACIONAL
650 _aINNOVACIONES TECNOLÓGICAS
650 _aUNIVERSIDADES
773 _057042
_aTablero - Vol.22 No.59
942 _cSART
999 _c58087
_d58087